Paso efimero por River Plate - Estadísticas

Estadísticas generales
  • Esta prueba ha sido intentada 38 veces
    8 desde el último reinicio
  • La puntuación promedio es 12 de 19
Estadísticas de respuestas
Imagen Hint Respuesta % Correcto
(PJ:16) Adam Bareiro
100%
(PJ:7) Gonzalo Tapia
100%
(PJ:25;G:9) Sebastián Abreu
100%
(PJ:28;G:1) Tabaré Viudez
100%
(PJ:19) Alex Vigo
86%
(PJ:0) Franco Carboni
86%
(PJ:19;G:1) Joaquin Arzura
86%
(PJ:17;G:3) Juan Manuel Iturbe
86%
(PJ:16;G:1) Luciano Lollo
86%
(PJ:23) Nicolás Bertolo
86%
(PJ:8;G:1) Fabián Bordagaray
43%
(PJ:21) Luciano Vella
43%
(PJ:27;G:1) Andrés San Martín
29%
(PJ:7) Bruno Urribarri
29%
(PJ:3) Denis Rodríguez
29%
(PJ:8;G:1) Rolando Zarate
29%
(PJ:12) Fernando Gamboa
14%
(PJ:27) Javier Gandolfi
14%
(PJ:27;G:1) Martín Galmarini
14%
No se encontraron pruebas coincidentes
Distribución de puntuación
Porcentaje de gente con cada puntuación
Porcentaje por número respondido
Historial de tus puntuaciones
No has intentado esta prueba desde el último reinicio